Które miasto jest Ludniejsze? - Statystyki

Ogólne statystyki
  • Ten quiz został rozwiązany 76 razy
  • Średni wynik to 9 z 15
Statystyki odpowiedzi
Zagadnienie Odpowiedź % Poprawnych
Które miasto jest Ludniejsze? Madryt
100%
Które miasto jest Najludniejsze? Wrocław
100%
Które miasto jest Najludniejsze? Dąbrowa Górnicza
80%
Które miasto jest Najludniejsze? Kopenhaga
80%
Które miasto jest Najludniejsze? Meksyk
80%
Które miasto jest Najludniejsze? Radom
80%
Które miasto jest Najludniejsze? St.Petersburg
80%
Które miasto jest Najludniejsze? Amsterdam
60%
Które miasto jest Najludniejsze? Stambuł
60%
Które miasto jest Najludniejsze? Wiedeń
60%
Które miasto jest Najludniejsze? Bydgoszcz
40%
Które miasto jest Najludniejsze? Szanghaj
40%
Które miasto jest Ludniejsze? Nowe Delhi
20%
Które miasto jest Najludniejsze? Phoenix
20%
Które miasto jest Najludniejsze? Berno
0%
Nie znaleziono quizów pasujących do podanych kryteriów
Rozkład punktacji
Procent ludzi z każdym wynikiem
Percentyl według liczby udzielonych odpowiedzi
Twoja historia wyników
Nie rozwiązałeś tego quizu